| 000 | 00735nam a2200181Ia 4500 | ||
|---|---|---|---|
| 008 | 100920s9999 xx 000 0 und d | ||
| 082 |
_b107637 _a51 न 10 |
||
| 100 | _aबुके टीम अनु . जोशी सुभाष. | ||
| 245 | _aकोल्ड स्टील लक्ष्मी मित्तल. | ||
| 260 |
_bमेहतापब्लिशिंग हाऊस. पुणे. _c2010 |
||
| 300 |
_a368 _bसाधी |
||
| 365 | _b300 | ||
| 520 | _aचरित्र. | ||
| 630 | _aकोल्ड स्टील लक्ष्मी मित्तल. | ||
| 650 | _aचरित्र. | ||
| 730 | _aकोल्ड स्टील लक्ष्मी मित्तल. | ||
| 942 | _cBOOK | ||
| 999 |
_c748061 _d748058 |
||